000 00398nam a2200181Ia 4500
005 20250425161303.0
008 250425s9999 xx 000 0 und d
041 _aspa
082 _a666.9
100 _aBOOTH, TAYLOR L.
245 0 _aLA QUIMICA DE LOS CEMENTOS
250 _aS.E.
260 _aBILBAO
260 _aEspaƱa
_bURMO
_c1967
300 _a512
942 _c01
010 _a16927
999 _c206179
_d206179